| 000 | 00770nam a2200205Ii 4500 | ||
|---|---|---|---|
| 003 | JO-AjNU | ||
| 008 | 230605s9999||||xx |||||||||||||| ||und|| | ||
| 040 |
_aJO-AjNU _bara _erda _cJO-AjNU |
||
| 041 | _aara | ||
| 050 | 1 | 4 | _aBP166.2.H3 1979 |
| 100 | 3 |
_aبقلم حوى، سعيد, _eauthor _962076 |
|
| 245 | 0 | 0 | _aالله جل جلاله : دراسات منهجية هادفة حول الاصول الثلاثة: الله،الرسول،الاسلام |
| 250 | _aالطبعة الثالثة مزيدة ومنقحة | ||
| 264 | 3 | 1 | _aبيروت: دار الكتب العلمية، 1979 |
| 300 | _a188ص | ||
| 336 |
_atext _btxt _2rdacontent |
||
| 337 |
_aunmediated _bn _2rdamedia |
||
| 338 |
_avolume _bnc _2rdacarrier |
||
| 650 | 4 |
_aعقيدة اسلامية _962077 |
|
| 999 |
_aA28091 _c31659 _d31659 |
||